Lease renewals (Record no. 85455)

MARC details
000 -LEADER
fixed length control field 00684cim a22002175a 4500
001 - CONTROL NUMBER
control field L140290
008 - FIXED-LENGTH DATA ELEMENTS--GENERAL INFORMATION
fixed length control field 070914s1982 xxk f 000 0 eng d
020 ## - INTERNATIONAL STANDARD BOOK NUMBER
International Standard Book Number 0854061746
035 ## - SYSTEM CONTROL NUMBER
System control number (Sirsi) u140290
041 0# - LANGUAGE CODE
Language code of text/sound track or separate title eng
050 04 - LIBRARY OF CONGRESS CALL NUMBER
Classification number 346.4104346 $2 18
100 1# - MAIN ENTRY--PERSONAL NAME
Personal name Holland, J.L.
245 00 - TITLE STATEMENT
Title Lease renewals
Medium [sound recording]
260 ## - PUBLICATION, DISTRIBUTION, ETC.
Place of publication, distribution, etc. London
Name of publisher, distributor, etc. RICS
Date of publication, distribution, etc. 1982
300 ## - PHYSICAL DESCRIPTION
Extent 1
Type of unit audio cassette (ca. 30 min.)
490 #0 - SERIES STATEMENT
Series statement Owlion Audio Programme
651 #4 - SUBJECT ADDED ENTRY--GEOGRAPHIC NAME
Geographic name England and Wales
Chronological subdivision 1543-
690 ## - LOCAL SUBJECT ADDED ENTRY--TOPICAL TERM (OCLC, RLIN)
Topical term or geographic name as entry element PROPERTY-LANDLORD AND TENANT-LEASES
856 4# - ELECTRONIC LOCATION AND ACCESS
Uniform Resource Identifier <a href="https://194.154.180.3/uhtbin/cgisirsi.exe/0/0/0/1/117/X/">https://194.154.180.3/uhtbin/cgisirsi.exe/0/0/0/1/117/X/</a>
Public note Audio Visual materials can only be used in the library.
942 ## - ADDED ENTRY ELEMENTS (KOHA)
Suppress in OPAC 0
Holdings
Withdrawn status Lost status Source of classification or shelving scheme Damaged status Not for loan Home library Current library Shelving location Date acquired Total Checkouts Full call number Barcode Date last seen Copy number Price effective from Koha item type
    Dewey Decimal Classification     London London Basement 14/09/2007   SHELF 330 30072735 06/08/2019 1 06/08/2019 Audio